Land nach Zug erkennen - Statistiken

Allgemein
  • Dieses Quiz wurde 50 mal gespielt
  • Das Durchschnittsergebnis liegt bei 11 aus 16
Antwortstatistiken
Bildquiz Antwort % Korrekt
Deutschland
100%
Japan
95%
China
86%
Indien
84%
Schweiz
79%
Frankreich
77%
Österreich
74%
Vereinigte Staaten
70%
Belgien
67%
Niederlande
67%
Spanien
58%
Vereinigtes Königreich
58%
Italien
56%
Norwegen
51%
Australien
47%
Russland
44%
Keine übereinstimmenden Quizze gefunden
Verteilung der Resultate
Anzahl Personen mit jedem Resultat
Perzentil nach korrekt beantworteten Fragen
Ihre Resultats-Entwicklung
Sie haben dieses Quiz noch nicht gespielt